| 000 | 00485nam a2200193 a 4500 | ||
|---|---|---|---|
| 001 | 0000-9006 | ||
| 003 | ELIB.Books | ||
| 008 | 110520 1994 | ||
| 035 | _a(ELIB.Books)0000-9155 | ||
| 082 |
_a231 _bBri/ 231.4 |
||
| 100 | _aBridges, Jerry | ||
| 245 | _aTrusting God: Even When Life Hurts | ||
| 260 |
_bColorado: NAV Press _c1994/ 1988 |
||
| 500 | _aDr. Yahalaylayla | ||
| 650 | _aTheology | ||
| 942 |
_2ddc _cBK |
||
| 990 | _a2 | ||
| 998 |
_cbat _e2011-05-20 |
||
| 999 |
_c9006 _d9006 |
||